000 00673cam a22002413a 4500
001 3295
003 PGUSA
005 20140828083030.0
008 020601s2002||||xxu|||||s|||||000 p eng d
040 _aPGUSA
_beng
042 _adc
050 4 _aPS
100 1 _aLazarus, Emma,
_d1849-1887
245 1 4 _aThe Poems of Emma Lazarus, Volume 1
_h[electronic resource] /
_cEmma Lazarus
260 _bProject Gutenberg,
_c2002
506 _aPublic domain in the USA.
516 _aElectronic text
653 _aAmerican poetry
653 _aLiterature -- Collections
830 0 _aProject Gutenberg
_v3295
856 4 0 _uhttp://www.gutenberg.org/ebooks/3295
942 _cEB
999 _c232624
_d232624